000 00773nam a2200229Ia 4500
003 GCL
008 140319s9999 xx 000 0 ara d
040 _aGCL /
_cGCL
082 0 4 _a327.470565
_bق س
100 1 _aقاسم محمد جعفر
245 1 0 _aسوريا والاتحاد السوفيتى دراسة فى العلاقات العربية- السوفياتية /
_cقاسم محمد جعفر
260 _a[S.N] :
_bرياض الريس للكتب والنشر
300 _a94 ص
490 _aسلسلة قضايا راهنة
_v0
650 0 4 _aالاتحاد السوفيتى
650 0 4 _aسوريا
650 0 4 _aاسرائيل
650 0 4 _aالاسلحة
650 0 4 _aالعلاقات الخارجية
650 0 4 _aلبنان
942 _2ddc
_cBK
999 _c55270
_d55270